One Piece-Les derniers mots de Gold Roger - Statistiques

Statistiques générales
  • Ce quiz a été pris 481 fois
    436 depuis la dernière actualisation
  • Le résultat moyen est 17 sur 19
Statistiques - réponses
Derniers mots de Gold Roger % Correct
Mon
99%
trésor?
99%
le
98%
le!
98%
Vous
97%
vous
97%
Je
92%
Je
92%
l'ai
91%
laisse
89%
laissé
89%
part
85%
ce
84%
dans
84%
monde!
84%
quelque
84%
si
81%
Trouvez-
81%
voulez.
81%
Aucun quiz correspondant
Distribution des résultats
% des personnes avec chaque résultat
Percentile par nombre de réponses
Votre historique - résultats
Vous n’avez pas pris ce quiz depuis la dernière actualisation